| 000 | 00497nam a2200157Ia 4500 | ||
|---|---|---|---|
| 008 | 150223s9999 xx 000 0 und d | ||
| 020 | _a9780547385648 | ||
| 050 |
_aPE1591 _b.A53 2011 |
||
| 100 | _aNichols, Bruce et. al. | ||
| 245 | 4 |
_aThe amercian heritage : _bessential students thesaurus / _cBruce Nichols et. al. |
|
| 250 | _a3rd Ed. | ||
| 260 |
_aUSA _bHoughton Mifflin Harcourt Publishing Company, _c2011 |
||
| 300 |
_bColored ; _c25 cm. |
||
| 504 | _aIncludes Index. | ||
| 650 | _aThesaurus | ||
| 999 |
_c283310 _d283310 |
||